[Event "GMA World Cup qual f"]
[Site "Moscow URS"]
[Date "1990.??.??"]
[Round "4"]
[White "Timoshenko, Georgy"]
[Black "Makarichev, Sergei"]
[Result "1/2-1/2"]
[WhiteElo "2540"]
[BlackElo "2510"]
[EventDate "1990.05.??"]
[PlyCount "37"]

1.e4 e5 2.Nf3 Nf6 3.Nxe5 d6 4.Nf3 Nxe4 5.d4 d5 6.Bd3 Bd6 7.O-O O-O 8.c4 c6
9.Qc2 Na6 10.a3 Bg4 11.Ne5 Bh5 12.cxd5 cxd5 13.Bxe4 dxe4 14.Qxe4 Re8 15.
Bf4 Nc7 16.Qf5 Bg6 17.Qg4 Ne6 18.Nxg6 Bxf4 19.Nxf4 1/2-1/2

[Event "GMA World Cup qual f"]
[Site "Moscow URS"]
[Date "1990.??.??"]
[Round "5"]
[White "Dolmatov, Sergei"]
[Black "Nikolic, Predrag"]
[Result "1/2-1/2"]
[WhiteElo "2620"]
[BlackElo "2600"]
[EventDate "1990.05.??"]
[PlyCount "127"]

1.e4 e6 2.d4 d5 3.Nc3 Bb4 4.e5 c5 5.a3 Bxc3+ 6.bxc3 Ne7 7.Nf3 b6 8.Bb5+ 
Bd7 9.Bd3 h6 10.h4 Ba4 11.h5 Nd7 12.O-O Qc7 13.Re1 O-O-O 14.Nh4 Kb7 15.Ra2
Qc6 16.Qg4 Rdg8 17.Rb2 g5 18.Nf3 c4 19.Bf1 Rf8 20.Nh2 Rh7 21.Qh3 Qc8 22.f4
gxf4 23.Bxf4 f5 24.Be2 Rg8 25.Kh1 Nb8 26.Nf1 Nbc6 27.Ne3 Nd8 28.Qh4 Qd7 
29.g4 Qe8 30.Rf1 Nf7 31.Bh2 Ng5 32.gxf5 Nxf5 33.Nxf5 exf5 34.Rxf5 Rf7 35.
Rf4 Qe7 36.Bf3 Nxf3 37.Qxe7+ Rxe7 38.Rxf3 Rg5 39.Bg3 Reg7 40.Kg2 Bd7 41.
Rb1 Bf5 42.Kf2 Be4 43.Re3 Rxh5 44.Rf1 Rhg5 45.Rxe4 Rxg3 46.Re2 Rxc3 47.Rh1
Rxa3 48.Rxh6 Kc7 49.Rd6 Rd7 50.Rxd7+ Kxd7 51.Ke1 b5 52.Rh2 b4 53.Rh7+ Ke6 
54.Kd2 c3+ 55.Kd3 Ra1 56.Rh6+ Kf5 57.Rf6+ Kg5 58.Rf2 Rd1+ 59.Ke3 a5 60.e6 
Re1+ 61.Kd3 Rd1+ 62.Ke3 Re1+ 63.Kd3 Rxe6 64.Rf5+ 1/2-1/2

[Event "GMA World Cup qual f"]
[Site "Moscow URS"]
[Date "1990.??.??"]
[Round "5"]
[White "Georgiev, Kiril"]
[Black "Azmaiparashvili, Zurab"]
[Result "0-1"]
[WhiteElo "2605"]
[BlackElo "2610"]
[EventDate "1990.05.??"]
[PlyCount "80"]

1.e4 d6 2.d4 g6 3.c4 e5 4.Nf3 Bg7 5.Nc3 Nc6 6.Bg5 f6 7.Be3 Bg4 8.d5 Nce7 
9.c5 Bh6 10.Qd2 Bxe3 11.Qxe3 Kf8 12.Nd2 Kg7 13.f3 Bd7 14.Nc4 Be8 15.a4 Nh6
16.Be2 Nf7 17.O-O dxc5 18.f4 Nc8 19.fxe5 fxe5 20.Rxf7+ Bxf7 21.Nxe5 Re8 
22.Ng4 h5 23.Qh6+ Kg8 24.e5 hxg4 25.e6 Qf6 26.Ne4 Qd4+ 27.Kh1 Qxe4 28.
exf7+ Kxf7 29.Qh7+ Kf6 30.Rf1+ Kg5 31.Bxg4 Qxg4 32.g3 Qe4+ 33.Kg1 Qd4+ 34.
Kh1 Qe4+ 35.Kg1 Qd4+ 36.Kh1 Qxd5+ 37.Kg1 Qd4+ 38.Kh1 Qe4+ 39.Kg1 Qd4+ 40.
Kh1 Re2 0-1

[Event "GMA World Cup qual f"]
[Site "Moscow URS"]
[Date "1990.??.??"]
[Round "5"]
[White "De Firmian, Nick"]
[Black "Beliavsky, Alexander"]
[Result "1/2-1/2"]
[WhiteElo "2565"]
[BlackElo "2640"]
[EventDate "1990.05.??"]
[PlyCount "74"]

1.e4 e5 2.Nf3 Nc6 3.Bb5 a6 4.Ba4 Nf6 5.O-O b5 6.Bb3 Bb7 7.Re1 Bc5 8.c3 d6 
9.d4 Bb6 10.Be3 O-O 11.d5 Ne7 12.Bxb6 cxb6 13.Nbd2 Nd7 14.Nf1 h6 15.Ne3 f5
16.exf5 Nxf5 17.Nxf5 Rxf5 18.Nd2 Qe7 19.Ne4 Nc5 20.Bc2 Nxe4 21.Bxe4 Rf6 
22.Qd2 Raf8 23.f3 Qc7 24.Qe3 Bc8 25.a4 bxa4 26.Rxa4 a5 27.Raa1 Bf5 28.Bxf5
Rxf5 29.Ra4 b5 30.Re4 Rf4 31.h3 Rxe4 32.fxe4 a4 33.Rf1 Rxf1+ 34.Kxf1 b4 
35.cxb4 Qc4+ 36.Kg1 Qxb4 37.Qa3 Qxe4 1/2-1/2

[Event "GMA World Cup qual f"]
[Site "Moscow URS"]
[Date "1990.??.??"]
[Round "5"]
[White "Bareev, Evgeny"]
[Black "Gelfand, Boris"]
[Result "1/2-1/2"]
[WhiteElo "2590"]
[BlackElo "2615"]
[EventDate "1990.05.??"]
[PlyCount "46"]

1.d4 Nf6 2.c4 e6 3.Nc3 Bb4 4.Bg5 h6 5.Bh4 c5 6.d5 b5 7.dxe6 fxe6 8.e4 O-O 
9.e5 Qa5 10.Ne2 Ne4 11.Qc2 Bb7 12.f3 Nxc3 13.bxc3 Ba3 14.cxb5 a6 15.bxa6 
Bxa6 16.Be7 Rf7 17.Bd6 Nc6 18.Rd1 Bb5 19.Rd2 c4 20.Qe4 Bxd6 21.exd6 Raf8 
22.Qe3 Rf5 23.Ng3 Rd5 1/2-1/2

[Event "GMA World Cup qual f"]
[Site "Moscow URS"]
[Date "1990.??.??"]
[Round "5"]
[White "Sokolov, Andrei"]
[Black "Chernin, Alexander"]
[Result "1/2-1/2"]
[WhiteElo "2585"]
[BlackElo "2600"]
[EventDate "1990.05.??"]
[PlyCount "25"]

1.e4 d6 2.d4 Nf6 3.Nc3 g6 4.Nf3 Bg7 5.Be2 O-O 6.O-O Bg4 7.Be3 Nc6 8.Qd2 e5
9.d5 Ne7 10.Rad1 Bd7 11.Ne1 Ng4 12.Bxg4 Bxg4 13.f3 1/2-1/2

[Event "GMA World Cup qual f"]
[Site "Moscow URS"]
[Date "1990.??.??"]
[Round "5"]
[White "Tukmakov, Vladimir"]
[Black "Gulko, Boris"]
[Result "0-1"]
[WhiteElo "2570"]
[BlackElo "2610"]
[EventDate "1990.05.??"]
[PlyCount "132"]

1.d4 d6 2.Nf3 Bg4 3.e4 e6 4.h3 Bh5 5.Nc3 Nf6 6.g4 Bg6 7.Bg5 Be7 8.Qe2 c6 
9.Bxf6 Bxf6 10.O-O-O Nd7 11.Qe3 Qa5 12.Kb1 O-O-O 13.h4 h6 14.Bd3 c5 15.Nb5
cxd4 16.Nxd6+ Kb8 17.Qc1 Qc5 18.Nc4 e5 19.Rde1 Be7 20.h5 Bh7 21.g5 hxg5 
22.Nxg5 Bg8 23.Nf3 f5 24.Ncd2 f4 25.Reg1 Bf6 26.Qd1 Bf7 27.Ng5 Bg8 28.Qg4 
Qc6 29.Nb3 Nb6 30.Qe2 Rc8 31.Nf3 Qe8 32.Ng5 Rh6 33.Qd1 Nc4 34.Be2 Rc7 35.
Nf3 Nd6 36.Nfd2 Bf7 37.Nc1 Rh8 38.Rh2 Qc6 39.Bd3 Qe8 40.Rgh1 Rh6 41.Be2 
Qc6 42.Bf3 Qb6 43.Be2 Qc6 44.Bd3 a5 45.Qe2 Rc8 46.Qf3 Rch8 47.Nf1 Nc4 48.
Bxc4 Qxc4 49.Nd2 Qc6 50.Qa3 Bxh5 51.f3 Qc7 52.Ne2 Be7 53.Qd3 Bb4 54.Nf1 
Bf7 55.a3 Be7 56.Nc1 Qb6 57.Ka1 Rc8 58.Rg1 Bf8 59.Qd1 Rhc6 60.Nd3 Qb5 61.
Rg5 Bxa3 62.Rxe5 Bxb2+ 63.Kb1 Qa4 64.Kxb2 Rb6+ 65.Kc1 Qa1+ 66.Kd2 Rb1 0-1

[Event "GMA World Cup qual f"]
[Site "Moscow URS"]
[Date "1990.??.??"]
[Round "5"]
[White "Vladimirov, Evgeny"]
[Black "Vaganian, Rafael"]
[Result "0-1"]
[WhiteElo "2565"]
[BlackElo "2605"]
[EventDate "1990.05.??"]
[PlyCount "88"]

1.d4 Nf6 2.Nf3 d5 3.c4 e6 4.g3 Be7 5.Bg2 O-O 6.O-O dxc4 7.Ne5 Nc6 8.Nxc6 
bxc6 9.Na3 Bxa3 10.bxa3 Ba6 11.Bxc6 Rb8 12.Qa4 Rb6 13.Bg2 Nd5 14.Qc2 f5 
15.e4 fxe4 16.Bxe4 h6 17.Bg2 Qf6 18.Be3 c3 19.Rfb1 Bc4 20.Rxb6 cxb6 21.Re1
b5 22.f4 Nxe3 23.Rxe3 Qxd4 24.Qxc3 Rd8 25.Bf3 a5 26.Qxd4 Rxd4 27.Be2 Kf7 
28.Bxc4 bxc4 29.Rc3 e5 30.fxe5 Ke6 31.Kf2 Kxe5 32.Ke2 Kf5 33.h3 g5 34.Rf3+
Ke5 35.a4 Rd6 36.g4 Rf6 37.Re3+ Kd5 38.Kd2 Rf2+ 39.Kc3 Rxa2 40.Re8 Rxa4 
41.h4 gxh4 42.Rd8+ Ke5 43.Rf8 h5 44.Rf5+ Ke4 0-1

[Event "GMA World Cup qual f"]
[Site "Moscow URS"]
[Date "1990.??.??"]
[Round "5"]
[White "Seirawan, Yasser"]
[Black "Khalifman, Alexander"]
[Result "1/2-1/2"]
[WhiteElo "2595"]
[BlackElo "2560"]
[EventDate "1990.05.??"]
[PlyCount "57"]

1.c4 c6 2.d4 d5 3.Nc3 Nf6 4.cxd5 cxd5 5.Bf4 Nc6 6.e3 Bf5 7.Qb3 Na5 8.Bb5+ 
Bd7 9.Bxd7+ Qxd7 10.Qb5 Nc4 11.Nf3 e6 12.Ne5 Nxe5 13.dxe5 Nh5 14.Bg5 h6 
15.Bh4 g5 16.g4 gxh4 17.gxh5 Rc8 18.Qxd7+ Kxd7 19.Rg1 Bb4 20.Kd2 Rhg8 21.
Kd3 Bxc3 22.bxc3 Ke7 23.h3 Rxg1 24.Rxg1 Rc4 25.Rb1 b6 26.Rb4 Rxb4 27.cxb4 
Kd7 28.b5 Ke8 29.Kd4 1/2-1/2

[Event "GMA World Cup qual f"]
[Site "Moscow URS"]
[Date "1990.??.??"]
[Round "5"]
[White "Hulak, Krunoslav"]
[Black "Tal, Mikhail"]
[Result "1/2-1/2"]
[WhiteElo "2560"]
[BlackElo "2585"]
[EventDate "1990.05.??"]
[PlyCount "60"]

1.d4 Nf6 2.Nf3 g6 3.c4 Bg7 4.g3 d5 5.cxd5 Nxd5 6.Bg2 Nb6 7.O-O Nc6 8.e3 
O-O 9.Nc3 Re8 10.Re1 a5 11.b3 e5 12.Nxe5 Nxe5 13.dxe5 Qxd1 14.Rxd1 Bxe5 
15.Bb2 c6 16.Rab1 Bg7 17.h3 Bf5 18.e4 Be6 19.Ne2 Bxb2 20.Rxb2 Red8 21.Rc1 
f6 22.Bf1 Bf7 23.Nc3 Rd4 24.f3 Rad8 25.Be2 g5 26.Kf2 Kf8 27.Rd1 Rxd1 28.
Nxd1 Rd4 29.Ke3 Rb4 30.Kd2 Rd4+ 1/2-1/2

[Event "GMA World Cup qual f"]
[Site "Moscow URS"]
[Date "1990.??.??"]
[Round "5"]
[White "Chandler, Murray Graham"]
[Black "Nogueiras Santiago, Jesus"]
[Result "1/2-1/2"]
[WhiteElo "2585"]
[BlackElo "2555"]
[EventDate "1990.05.??"]
[PlyCount "46"]

1.e4 e6 2.d4 d5 3.Nc3 Nf6 4.Bg5 dxe4 5.Nxe4 Nbd7 6.Nf3 Be7 7.Nxf6+ Bxf6 8.
h4 c5 9.Qd2 O-O 10.O-O-O cxd4 11.Nxd4 Qb6 12.Bc4 h6 13.Be3 Ne5 14.Bb3 Ng4 
15.Qe2 Nxe3 16.fxe3 a5 17.a4 Bd7 18.Kb1 Rfd8 19.g4 Bc6 20.Nxc6 Rxd1+ 21.
Rxd1 Qxc6 22.h5 Rd8 23.Rxd8+ Bxd8 1/2-1/2

[Event "GMA World Cup qual f"]
[Site "Moscow URS"]
[Date "1990.??.??"]
[Round "5"]
[White "Miles, Anthony John"]
[Black "Spraggett, Kevin"]
[Result "1/2-1/2"]
[WhiteElo "2580"]
[BlackElo "2555"]
[EventDate "1990.05.??"]
[PlyCount "50"]

1.d4 g6 2.e4 d6 3.Nf3 Nf6 4.Nc3 Bg7 5.Be2 O-O 6.O-O c6 7.a4 Nbd7 8.e5 Ne8 
9.Bg5 dxe5 10.dxe5 Nc7 11.Bc4 h6 12.Bf4 Nb6 13.Bd3 Nbd5 14.Nxd5 Nxd5 15.
Bd2 a5 16.Re1 Nb4 17.Be4 Be6 18.Qc1 Kh7 19.h4 Bg4 20.Nh2 Qd7 21.Nxg4 Qxg4 
22.h5 Qxh5 23.Ra3 Qg4 24.Rh3 Rh8 25.c3 Nd5 1/2-1/2

[Event "GMA World Cup qual f"]
[Site "Moscow URS"]
[Date "1990.??.??"]
[Round "5"]
[White "Portisch, Lajos"]
[Black "Malaniuk, Vladimir"]
[Result "1-0"]
[WhiteElo "2605"]
[BlackElo "2505"]
[EventDate "1990.05.??"]
[PlyCount "74"]

1.Nf3 f5 2.g3 Nf6 3.Bg2 g6 4.b3 Bg7 5.Bb2 d6 6.d4 O-O 7.O-O c6 8.c4 Na6 9.
Nc3 Qe8 10.d5 Bd7 11.Rc1 Nc7 12.Qd2 h6 13.Ne1 Qf7 14.Nd3 Rfd8 15.Rfd1 e5 
16.dxe6 Nxe6 17.Nf4 Be8 18.Nxe6 Qxe6 19.Ba3 Bf7 20.Re1 Ne4 21.Nxe4 fxe4 
22.Qe3 d5 23.cxd5 cxd5 24.Bc5 Qe5 25.Red1 Qb2 26.Bd4 Bxd4 27.Rxd4 Rac8 28.
Rcd1 Kg7 29.R4d2 Rc2 30.Bxe4 Rxd2 31.Qxd2 Qxd2 32.Rxd2 Kf6 33.f4 Be6 34.
Kf2 g5 35.Bg2 Rd7 36.Ke3 Ke7 37.Kd4 Kd6 1-0

[Event "GMA World Cup qual f"]
[Site "Moscow URS"]
[Date "1990.??.??"]
[Round "5"]
[White "Pigusov, Evgeny"]
[Black "Akopian, Vladimir"]
[Result "1/2-1/2"]
[WhiteElo "2545"]
[BlackElo "2550"]
[EventDate "1990.05.??"]
[PlyCount "135"]

1.Nf3 Nf6 2.g3 g6 3.c4 Bg7 4.Nc3 O-O 5.Bg2 d6 6.d4 Nbd7 7.O-O e5 8.e4 c6 
9.b3 exd4 10.Nxd4 Re8 11.h3 Nc5 12.Re1 a5 13.Rb1 Bd7 14.Bf4 Qb6 15.Be3 Qc7
16.Qc2 Qc8 17.g4 h5 18.f3 hxg4 19.hxg4 Qd8 20.Rbd1 Qe7 21.Bf4 Nh7 22.Qf2 
Rad8 23.Re2 Be5 24.Be3 Nf8 25.Red2 Bc8 26.g5 Bg7 27.Nde2 f5 28.gxf6 Bxf6 
29.Bf4 Nce6 30.Bxd6 Rxd6 31.Rxd6 Be5 32.R6d3 g5 33.Na4 Nf4 34.Nxf4 Bxf4 
35.Nc3 Ng6 36.Ne2 Bc7 37.c5 Be5 38.Rd6 Qh7 39.Rd8 Qh2+ 40.Kf1 Kf8 41.Qg1 
Qh5 42.Qe3 Bh3 43.Rxe8+ Kxe8 44.Bxh3 Qxh3+ 45.Ke1 Nh4 46.Kd2 Nxf3+ 47.Kc1 
Kf7 48.Qd3 Kg6 49.Qc4 Qc8 50.Qd3 Qf8 51.Qc4 g4 52.Qe6+ Kg5 53.Kb1 Bh8 54.
Qd6 Qf7 55.Qd7 Qg6 56.Qf5+ Qxf5 57.exf5 Kxf5 58.Rd7 Be5 59.Rxb7 Nd4 60.
Rf7+ Ke4 61.Nxd4 Bxd4 62.Rc7 g3 63.Rxc6 g2 64.Rg6 g1=Q+ 65.Rxg1 Bxg1 66.b4
axb4 67.c6 Bh2 68.a3 1/2-1/2

[Event "GMA World Cup qual f"]
[Site "Moscow URS"]
[Date "1990.??.??"]
[Round "5"]
[White "Makarichev, Sergei"]
[Black "Gavrikov, Viktor"]
[Result "1/2-1/2"]
[WhiteElo "2510"]
[BlackElo "2580"]
[EventDate "1990.05.??"]
[PlyCount "50"]

1.c4 e5 2.g3 Nf6 3.Bg2 h6 4.d3 Bb4+ 5.Bd2 a5 6.Nc3 O-O 7.a3 Bxc3 8.Bxc3 
Re8 9.Nf3 e4 10.Nh4 exd3 11.Qxd3 d6 12.O-O a4 13.Qc2 Nbd7 14.e4 Nc5 15.
Rfe1 Be6 16.f4 Nfd7 17.Bf1 f6 18.Rad1 Qb8 19.h3 Qa7 20.Bd4 Qa5 21.Kh2 Qa6 
22.Bf2 Qc6 23.Bg2 Qa6 24.Bf1 Qc6 25.Bg2 Qa6 1/2-1/2

[Event "GMA World Cup qual f"]
[Site "Moscow URS"]
[Date "1990.??.??"]
[Round "5"]
[White "Hjartarson, Johann"]
[Black "Psakhis, Lev"]
[Result "1/2-1/2"]
[WhiteElo "2505"]
[BlackElo "2570"]
[EventDate "1990.05.??"]
[PlyCount "58"]

1.d4 Nf6 2.c4 e6 3.Nc3 Bb4 4.Qc2 O-O 5.a3 Bxc3+ 6.Qxc3 d6 7.Bg5 Nbd7 8.f3 
d5 9.e3 Re8 10.Nh3 h6 11.Bh4 c6 12.Nf2 e5 13.dxe5 Nxe5 14.Rd1 Qe7 15.cxd5 
cxd5 16.Bb5 Bd7 17.Bxf6 Qxf6 18.Bxd7 Nxd7 19.Qxf6 Nxf6 20.Kd2 Rac8 21.Rc1 
Kf8 22.Nd3 Ke7 23.g4 Kd6 24.h4 Nd7 25.h5 Rc6 26.Nb4 Rxc1 27.Rxc1 Ne5 28.
Ke2 a5 29.Nd3 Nc4 1/2-1/2

[Event "GMA World Cup qual f"]
[Site "Moscow URS"]
[Date "1990.??.??"]
[Round "5"]
[White "Eingorn, Viacheslav"]
[Black "Naumkin, Igor"]
[Result "1-0"]
[WhiteElo "2570"]
[BlackElo "2455"]
[EventDate "1990.05.??"]
[PlyCount "67"]

1.Nf3 Nf6 2.c4 b6 3.Nc3 Bb7 4.d4 e6 5.a3 d5 6.cxd5 exd5 7.g3 Be7 8.Qa4+ c6
9.Bg2 O-O 10.Bf4 Nh5 11.Bxb8 Qxb8 12.O-O Nf6 13.Ne5 Qd6 14.b4 Rfd8 15.Qb3 
Nd7 16.Nd3 Nf8 17.e3 Ne6 18.Rfd1 Bf6 19.Rac1 Rac8 20.a4 h5 21.h4 g6 22.Ne2
Be7 23.Rb1 Bf8 24.Qa2 Bh6 25.Nc3 Bg7 26.a5 Rb8 27.a6 Bc8 28.b5 Nc7 29.Nb4 
c5 30.Nc6 Nxb5 31.Nxb5 Qxc6 32.Nxa7 Qc7 33.Nxc8 Rbxc8 34.dxc5 1-0

[Event "GMA World Cup qual f"]
[Site "Moscow URS"]
[Date "1990.??.??"]
[Round "5"]
[White "Timoschenko, Gennady"]
[Black "King, Daniel John"]
[Result "1/2-1/2"]
[WhiteElo "2505"]
[BlackElo "2515"]
[EventDate "1990.05.??"]
[PlyCount "86"]

1.d4 e6 2.c4 Bb4+ 3.Bd2 a5 4.Nf3 d6 5.g3 Nc6 6.Bg2 e5 7.Bxb4 axb4 8.d5 Nb8
9.O-O Nf6 10.Ne1 c5 11.dxc6 Nxc6 12.Nc2 O-O 13.Qd3 Be6 14.Ne3 Qb6 15.Nd2 
Nd4 16.Nb3 Nxb3 17.axb3 Nd7 18.Rxa8 Rxa8 19.Rd1 Ra6 20.Nd5 Bxd5 21.Bxd5 
Nc5 22.Qf5 Qc7 23.f4 Ra8 24.fxe5 dxe5 25.Rf1 Rf8 26.Rf3 Qe7 27.h4 Nd7 28.
Bxb7 Nf6 29.Bd5 Nxd5 30.cxd5 Qc5+ 31.Kh2 Qxd5 32.Rd3 Qc5 33.Qe4 Rc8 34.Kg2
f6 35.Rd7 Qc6 36.Qxc6 Rxc6 37.Rb7 Rc2 38.Kf3 Rxb2 39.Rxb4 h5 40.Rb7 Kh7 
41.b4 Kg6 42.b5 Rb3+ 43.Kf2 Kf5 1/2-1/2

[Event "GMA World Cup qual f"]
[Site "Moscow URS"]
[Date "1990.??.??"]
[Round "6"]
[White "Nogueiras Santiago, Jesus"]
[Black "Ivanchuk, Vasyl"]
[Result "1/2-1/2"]
[WhiteElo "2555"]
[BlackElo "2665"]
[EventDate "1990.05.??"]
[PlyCount "44"]

1.d4 Nf6 2.Nf3 g6 3.g3 Bg7 4.Bg2 O-O 5.O-O d6 6.Re1 c5 7.dxc5 dxc5 8.Qxd8 
Rxd8 9.c3 Nd5 10.Rd1 Nc6 11.Ng5 e6 12.Ne4 b6 13.Bg5 Rf8 14.Na3 h6 15.Nf6+ 
Bxf6 16.Bxf6 Ba6 17.c4 Nxf6 18.Bxc6 Rac8 19.Bg2 Rfd8 20.e3 Kf8 21.h3 Ke7 
22.f4 Rxd1+ 1/2-1/2

[Event "GMA World Cup qual f"]
[Site "Moscow URS"]
[Date "1990.??.??"]
[Round "6"]
[White "Gelfand, Boris"]
[Black "Portisch, Lajos"]
[Result "1/2-1/2"]
[WhiteElo "2615"]
[BlackElo "2605"]
[EventDate "1990.05.??"]
[PlyCount "55"]

1.d4 Nf6 2.c4 e6 3.Nf3 b6 4.a3 Bb7 5.Nc3 Ne4 6.Nxe4 Bxe4 7.Bf4 Be7 8.e3 d6
9.Bd3 Bxd3 10.Qxd3 a5 11.b3 Nd7 12.O-O O-O 13.e4 Re8 14.Rfd1 Qc8 15.e5 
dxe5 16.Nxe5 Nxe5 17.Bxe5 Bd6 18.Qg3 Bxe5 19.dxe5 Qb7 20.Rd4 Rad8 21.Rad1 
Rxd4 22.Rxd4 Qc6 23.h4 Qc5 24.Rd7 Qxa3 25.Rxc7 h6 26.Rb7 Qc1+ 27.Kh2 a4 
28.bxa4 1/2-1/2

[Event "GMA World Cup qual f"]
[Site "Moscow URS"]
[Date "1990.??.??"]
[Round "6"]
[White "Vaganian, Rafael"]
[Black "Sokolov, Andrei"]
[Result "1/2-1/2"]
[WhiteElo "2605"]
[BlackElo "2585"]
[EventDate "1990.05.??"]
[PlyCount "120"]

1.Nf3 c5 2.c4 Nf6 3.Nc3 Nc6 4.d4 cxd4 5.Nxd4 e6 6.g3 Qb6 7.Nb3 Ne5 8.e4 
Bb4 9.Qe2 d6 10.f4 Nc6 11.Be3 Bxc3+ 12.bxc3 Qc7 13.Bg2 O-O 14.c5 dxc5 15.
Bxc5 Rd8 16.e5 Ne8 17.O-O b6 18.Ba3 Bb7 19.f5 exf5 20.Rxf5 Ne7 21.Rxf7 
Kxf7 22.Rf1+ Kg8 23.Qf2 h6 24.Qf7+ Kh7 25.Bxe7 Bxg2 26.Qf5+ Kh8 27.Bxd8 
Qc6 28.Rd1 Bd5 29.Be7 Nc7 30.Qd3 Bg8 31.Nd4 Qd5 32.Bd6 Ne6 33.Qf3 Qxf3 34.
Nxf3 Rc8 35.Rd3 Ng5 36.Nxg5 hxg5 37.a3 Be6 38.Kf2 Kg8 39.Ke1 g4 40.Kd2 Kf7
41.Re3 Bd5 42.Re2 Ke6 43.Rf2 Be4 44.Rf4 Bf5 45.c4 g6 46.h4 gxh3 47.g4 Bb1 
48.Rf6+ Kd7 49.Rf7+ Kc6 50.Rh7 Ba2 51.Kc3 b5 52.c5 Be6 53.Rxh3 Bxg4 54.Rh7
a5 55.Ra7 b4+ 56.axb4 axb4+ 57.Kxb4 Be6 58.Re7 Kd5 59.Kb5 g5 60.c6 Rxc6 
1/2-1/2

[Event "GMA World Cup qual f"]
[Site "Moscow URS"]
[Date "1990.??.??"]
[Round "6"]
[White "Psakhis, Lev"]
[Black "Seirawan, Yasser"]
[Result "1-0"]
[WhiteElo "2570"]
[BlackElo "2595"]
[EventDate "1990.05.??"]
[PlyCount "127"]

1.c4 e5 2.Nc3 Nc6 3.g3 g6 4.Rb1 f5 5.Bg2 Nf6 6.d3 Bg7 7.b4 O-O 8.e3 f4 9.
exf4 exf4 10.Bxf4 Nh5 11.Bd2 Ne5 12.Qc2 c6 13.f4 Ng4 14.Nge2 d5 15.cxd5 
Qb6 16.Ne4 cxd5 17.Nc5 Re8 18.Bxd5+ Kh8 19.Be4 Ngf6 20.Bc3 a5 21.a3 axb4 
22.axb4 Nxe4 23.dxe4 Qc7 24.Bxg7+ Nxg7 25.Qc3 b6 26.Nd3 Qb7 27.Nf2 Ra2 28.
Qd3 Qa6 29.Nc3 Ra3 30.Qxa6 Bxa6 31.b5 Bb7 32.Kd2 Rd8+ 33.Nd3 Bxe4 34.Nxe4 
Rdxd3+ 35.Kc2 Re3 36.Rbe1 Ra2+ 37.Kb1 Rea3 38.Nc3 Ra1+ 39.Kb2 Rxe1 40.Rxe1
Ra8 41.Re7 Nf5 42.Rb7 Nd6 43.Rd7 Nf5 44.Nd5 Kg8 45.g4 Nh6 46.Nf6+ Kf8 47.
Nxh7+ Ke8 48.Nf6+ Kf8 49.Rh7 Nf7 50.f5 g5 51.Nd7+ Kg8 52.Nf6+ Kf8 53.Kc3 
Ra4 54.Nd7+ Kg8 55.Nf6+ Kf8 56.h3 Nd6 57.Kd3 Ra3+ 58.Kd4 Nxb5+ 59.Kd5 Re3 
60.Ne4 Nc3+ 61.Nxc3 Rxc3 62.Ke5 Kg8 63.Rb7 Rxh3 64.Kf6 1-0

[Event "GMA World Cup qual f"]
[Site "Moscow URS"]
[Date "1990.??.??"]
[Round "6"]
[White "Khalifman, Alexander"]
[Black "Georgiev, Kiril"]
[Result "1-0"]
[WhiteElo "2560"]
[BlackElo "2605"]
[EventDate "1990.05.??"]
[PlyCount "145"]

1.Nf3 d5 2.d4 Nf6 3.c4 e6 4.Nc3 dxc4 5.Bg5 Bb4 6.e4 c5 7.e5 h6 8.Bd2 cxd4 
9.exf6 dxc3 10.bxc3 Bf8 11.fxg7 Bxg7 12.Bxc4 Nc6 13.O-O O-O 14.Qe2 Qf6 15.
Rad1 e5 16.Bd3 Bf5 17.Bxf5 Qxf5 18.Nh4 Qe6 19.Bc1 Rad8 20.Qh5 Rxd1 21.Rxd1
f5 22.h3 f4 23.Qg4 Qxg4 24.hxg4 Rd8 25.Rxd8+ Nxd8 26.Kf1 Ne6 27.Nf5 Bf8 
28.Ke2 Kf7 29.g3 fxg3 30.Nxg3 b5 31.Be3 a6 32.Kd3 Bc5 33.Ke4 Bxe3 34.fxe3 
Kf6 35.Kd5 Ng5 36.Nh5+ Kg6 37.Kxe5 Nf3+ 38.Kf4 Nd2 39.Ng3 a5 40.e4 b4 41.
cxb4 axb4 42.e5 b3 43.axb3 Nxb3 44.Ke4 Nc5+ 45.Kd5 Nd3 46.Nh5 Nf2 47.Nf6 
Nh3 48.Kd6 Nf2 49.Kd5 Nh3 50.Kd6 Nf2 51.Ke7 Nd3 52.Ke6 Nf2 53.Ke7 Nd3 54.
Ke6 Nf2 55.Kd6 Kf7 56.Kd5 Kg6 57.Kd6 Kf7 58.Kd5 Kg6 59.Kd4 Kf7 60.Ke3 Nh3 
61.Nh5 Ng5 62.Kd4 Ke7 63.Kd5 Ne6 64.Ke4 Ng5+ 65.Kf5 Nf3 66.Nf4 Nd4+ 67.Kg6
Nf3 68.Kxh6 Kf7 69.e6+ Kf6 70.Kh5 Ne5 71.g5+ Kg7 72.e7 Kf7 73.Nd5 1-0

[Event "GMA World Cup qual f"]
[Site "Moscow URS"]
[Date "1990.??.??"]
[Round "6"]
[White "Arnason, Jon"]
[Black "Dolmatov, Sergei"]
[Result "1/2-1/2"]
[WhiteElo "2500"]
[BlackElo "2620"]
[EventDate "1990.05.??"]
[PlyCount "55"]

1.e4 e6 2.d4 d5 3.Nd2 c5 4.Ngf3 Nf6 5.exd5 exd5 6.Bb5+ Bd7 7.Bxd7+ Nbxd7 
8.O-O Be7 9.dxc5 Nxc5 10.Nd4 Qd7 11.N2f3 O-O 12.Ne5 Qc8 13.Nd3 Nce4 14.Bf4
a6 15.Re1 Bd6 16.c3 Re8 17.Bxd6 Nxd6 18.Rxe8+ Qxe8 19.Qc2 Qd7 20.Re1 Re8 
21.Rxe8+ Qxe8 22.h3 h6 23.Qe2 Qxe2 24.Nxe2 Kf8 25.Nd4 Ke7 26.Kf1 g6 27.Ke2
Nc4 28.Nc2 1/2-1/2

[Event "GMA World Cup qual f"]
[Site "Moscow URS"]
[Date "1990.??.??"]
[Round "6"]
[White "Spraggett, Kevin"]
[Black "Pigusov, Evgeny"]
[Result "1/2-1/2"]
[WhiteElo "2555"]
[BlackElo "2545"]
[EventDate "1990.05.??"]
[PlyCount "74"]

1.c4 c5 2.g3 g6 3.Bg2 Bg7 4.Nc3 Nc6 5.a3 a6 6.e3 Rb8 7.a4 d6 8.Nge2 Nf6 9.
O-O O-O 10.d4 Bd7 11.b3 Na5 12.Bd2 e6 13.Ra2 Nc6 14.Bc1 Qc7 15.Rd2 Rfd8 
16.Ba3 Na7 17.Bb2 b5 18.dxc5 dxc5 19.axb5 axb5 20.Qa1 bxc4 21.bxc4 Bc6 22.
Rxd8+ Rxd8 23.Nb5 Nxb5 24.Bxc6 Nd4 25.Nxd4 cxd4 26.Bg2 Ne8 27.exd4 Qxc4 
28.Rc1 Qb4 29.Bc3 Qd6 30.Rd1 h5 31.h4 Nc7 32.Ba5 Rd7 33.Bxc7 Qxc7 34.Qa8+ 
Rd8 35.Qe4 Qc4 36.d5 Qxe4 37.Bxe4 exd5 1/2-1/2

[Event "GMA World Cup qual f"]
[Site "Moscow URS"]
[Date "1990.??.??"]
[Round "6"]
[White "Tal, Mikhail"]
[Black "Hjartarson, Johann"]
[Result "1/2-1/2"]
[WhiteElo "2585"]
[BlackElo "2505"]
[EventDate "1990.05.??"]
[PlyCount "52"]

1.d4 Nf6 2.c4 e6 3.g3 c5 4.d5 exd5 5.cxd5 d6 6.Nc3 g6 7.Bg2 Bg7 8.Nf3 O-O 
9.O-O a6 10.a4 Nbd7 11.h3 Rb8 12.a5 b5 13.axb6 Nxb6 14.Nd2 Re8 15.Qc2 Nfd7
16.b3 Rxe2 17.Nxe2 Bxa1 18.Ne4 Qf8 19.N2c3 Bxc3 20.Qxc3 Nxd5 21.Qd2 Bb7 
22.Bb2 Bc6 23.Nxc5 dxc5 24.Bxd5 Bxd5 25.Qxd5 Qe7 26.Rd1 Nf8 1/2-1/2

[Event "GMA World Cup qual f"]
[Site "Moscow URS"]
[Date "1990.??.??"]
[Round "6"]
[White "Malaniuk, Vladimir"]
[Black "Chandler, Murray Graham"]
[Result "0-1"]
[WhiteElo "2505"]
[BlackElo "2585"]
[EventDate "1990.05.??"]
[PlyCount "106"]

1.d4 Nf6 2.c4 e6 3.Nf3 b6 4.Nc3 Bb4 5.Bg5 Bb7 6.e3 h6 7.Bh4 Bxc3+ 8.bxc3 
d6 9.Nd2 Nbd7 10.Rb1 e5 11.f3 Qe7 12.Bf2 O-O 13.Be2 Rae8 14.O-O Nh5 15.Re1
Qg5 16.Qa4 exd4 17.h4 Qd8 18.cxd4 a5 19.Nf1 Kh8 20.Bd3 f5 21.Red1 Re6 22.
c5 dxc5 23.Bb5 c6 24.Bc4 Rd6 25.dxc5 Nxc5 26.Qc2 Rxd1 27.Rxd1 Qe7 28.a4 
Bc8 29.Be1 Na6 30.Rd4 Nb4 31.Qd1 f4 32.e4 Nf6 33.Bf2 Bd7 34.Rd6 b5 35.Bb3 
bxa4 36.Bxa4 Rc8 37.Bc5 Qe8 38.Qd4 Na6 39.Rxf6 gxf6 40.Qxf6+ Kh7 41.Bd6 
Nb4 42.Bxf4 Qf8 43.Qd4 Be6 44.Be3 Qg7 45.Qd6 Rg8 46.g3 Bc4 47.g4 Qf8 48.
Qg3 Qb8 49.Bf4 Qd8 50.Be5 Qb6+ 51.Kg2 Nd3 52.Bc3 Rf8 53.Qd6 Qf2+ 0-1

[Event "GMA World Cup qual f"]
[Site "Moscow URS"]
[Date "1990.??.??"]
[Round "6"]
[White "Gavrikov, Viktor"]
[Black "Timoschenko, Gennady"]
[Result "1/2-1/2"]
[WhiteElo "2580"]
[BlackElo "2505"]
[EventDate "1990.05.??"]
[PlyCount "123"]

1.d4 Nf6 2.c4 g6 3.Nc3 Bg7 4.e4 d6 5.Nf3 O-O 6.Be2 e5 7.d5 a5 8.Be3 Na6 9.
Nd2 Nc5 10.O-O Ne8 11.Qc2 f5 12.exf5 Bxf5 13.Nde4 b6 14.Bf3 Nf6 15.Bxc5 
bxc5 16.Nxf6+ Qxf6 17.Be4 Bd7 18.Rae1 Bh6 19.Re2 Rfb8 20.f3 Rb4 21.Nd1 Ba4
22.b3 Bd7 23.Nf2 a4 24.Nd3 axb3 25.axb3 Rbb8 26.Qb2 Qg7 27.Rb1 Bg5 28.Qc3 
Qh6 29.Ne1 Rb6 30.g3 Rab8 31.h4 Bf6 32.Rbb2 Ra6 33.Ra2 Rba8 34.Rxa6 Rxa6 
35.b4 cxb4 36.Qxb4 Rb6 37.Qa3 Qf8 38.Qc1 Bg7 39.Qc2 Bf5 40.Kg2 c5 41.dxc6 
Rxc6 42.Bxc6 Bxc2 43.Bd5+ Kh8 44.Rxc2 Qb8 45.Ra2 Bf8 46.Ra8 Qb2+ 47.Kh3 
Kg7 48.g4 Qf2 49.Ng2 h6 50.Re8 g5 51.h5 Qc5 52.Kg3 Qb6 53.Ra8 Be7 54.Rg8+ 
Kh7 55.Rg6 Bf8 56.Be4 Kh8 57.Re6 Qg1 58.Bd5 Qc5 59.Kh3 Qb6 60.Kh2 Qc5 61.
Kh3 Qb6 62.Re8 1/2-1/2

[Event "GMA World Cup qual f"]
[Site "Moscow URS"]
[Date "1990.??.??"]
[Round "6"]
[White "Makarichev, Sergei"]
[Black "Tukmakov, Vladimir"]
[Result "1-0"]
[WhiteElo "2510"]
[BlackElo "2570"]
[EventDate "1990.05.??"]
[PlyCount "57"]

1.c4 f5 2.g3 Nf6 3.Bg2 d6 4.Nc3 g6 5.d3 Bg7 6.e4 c6 7.Nge2 O-O 8.O-O a5 9.
h3 Nbd7 10.Be3 Ne5 11.f4 Nf7 12.Qd2 a4 13.Rad1 Qa5 14.exf5 gxf5 15.Qe1 Bd7
16.Qf2 Rae8 17.Bd2 Qa8 18.Qb6 e5 19.fxe5 dxe5 20.Be3 Kh8 21.Qb4 f4 22.gxf4
exf4 23.Bd4 Ng5 24.Nxf4 Qc8 25.Ne4 Nfxe4 26.Bxg7+ Kxg7 27.dxe4 Nxe4 28.
Bxe4 Rxe4 29.Nh5+ 1-0